000 00581nam a22001937a 4500
999 _c7215
_d7215
003 OSt
005 20210910105447.0
008 210910b ||||| |||| 00| 0 eng d
020 _a0521319846
040 _cDDC
082 _a599.REP1985
100 _aAustin C.R.; Short R.V.;
_914834
245 _aReproductive Fitness
_bReproduction in mammals :4
_cEdited by Austin C.R. and Short R.V.
260 _aAustralia
_bCambridge University Press
_c1985
300 _axi,241p;
_bill;
_c25cm
504 _aIncludes; references and index.
650 _aBiology
_95602
942 _2ddc
_cO_SHELF